000 00612nam a22001817a 4500
999 _c12739
_d12739
008 190131b ||||| |||| 00| 0 eng d
020 _a971-542-291-8
082 _22001
_aDFil 899.211
_bP53
245 _aHow the wife doomed man to planting rice(Jama Mapun)/
_cDamiana Eugenio [Compiler and Editor]
260 _aQuezon City:
_bUP Press;
_c©2001
300 _aPage 447-448;
_c22.5 cm.
500 _aPhilippine folk literature: The myths
650 _aMythology
_936170
650 _aLegends
_936171
650 _aPhilippine folk literature (English)
_936172
650 _aFolklore
_936173
942 _2ddc
_cDFIL